01728nam a22001577a 4500999001900000008004100019100004800060245012300108260002000231300003300251520111300284773002001397906003801417942000701455952010801462 c516249d516249210220b ||||| |||| 00| 0 eng d aShepard, M., Betz, M. and Snyder, A.924289 aThe shale boom and family structure: Oil and gas employment growth relationship to marriage, divorce, and cohabitation aRural Sociology a 85(3), Sep, 2020: p.623-657 aShale oil and gas extraction technology has caused a large shift in the United States' energy landscape over the last decade. This had a wide range of impacts on rural communities mostly in which oil and gas extraction occurs. While many studies have focused on the economic and environmental impact of shale development, researchers have only begun to study the social changes brought on by the shale resource extraction. We examine the influence of shale oil and gas employment as a share of overall county employment on county marriage, divorce, and cohabitation rates. We find evidence that oil and gas employment growth is associated with decreased marriage rates and increased divorce rates from 2009 to 2014. We test several channels through which oil and gas development may influence marriage behaviors and find that changes in female labor force participation, county sex ratios, and median household incomes are associated with oil and gas development. We also test for differences across the rural/urban continuum and find that our results are largely driven by nonmetro counties. - Reproduced  aRural Sociology aRURAL DEVELOPMENT - UNITED STATES cAR 00102ddc40709390341aIIPAbIIPAd2021-02-20h 85(3), Sep, 2020: p.623-657pAR124345r2021-02-20yAR